A guide to the Egyptian collections in the British Museum /

Saved in:

Corporate Author: British Museum. Department of Egyptian and Assyrian Antiquities.

Other Authors: Budge, E. A. Wallis, Sir, 1857-1934.

Format: Book

Language: English

Published: [London] : Printed by order of the Trustees, 1909.

Subjects:

Tags: Add Tag

No Tags, Be the first to tag this record!

Call Number: DT59 .B76 1909

LEADER 00874nam a2200241I 4500
001 3338
003 OSt
005 20260510104652.0
008 130303s1909 enkabef 000 0 eng d
010 |a 09027285 
040 |c ARCE Library 
043 |a f-ua--- 
050 4 |a DT59 .B76 1909 
110 2 |a British Museum.  |b Department of Egyptian and Assyrian Antiquities. 
245 1 2 |a A guide to the Egyptian collections in the British Museum /  |c With 53 plates and 180 illustrations in the text. 
264 1 |a [London] :  |b Printed by order of the Trustees,  |c 1909. 
300 |a xiv, 325, [3] pages :   |b illustrations, maps, plans, facsims., liii pl. ;   |c 22 cm. 
500 |a Preface signed : E. A. Wallis Budge. 
651 0 |a Egypt  |x Antiquities. 
700 1 |a Budge, E. A. Wallis,   |q (Ernest Alfred Wallis),   |c Sir,   |d 1857-1934. 
901 |a reviewed 
942 |c BK  |2 lcc 
999 |c 6447  |d 6447